[Event "Sunny Beach op 10th"]
[Site "Sunny Beach"]
[Date "2011.08.31"]
[Round "5"]
[White "Karadimov, Marin"]
[Black "Ivanova, Simoneta"]
[Result "0-1"]
[WhiteElo "2062"]
[BlackElo "1914"]
[PlyCount "62"]
[EventDate "2011.08.27"]
[EventType "swiss"]
[EventRounds "9"]
[EventCountry "BUL"]
[SourceTitle "CBM 144 Extra"]
[Source "ChessBase"]
[SourceDate "2011.10.28"]
[SourceVersion "1"]
[SourceVersionDate "2011.10.28"]
[SourceQuality "1"]

1. d4 d5 2. Nf3 Nf6 3. g3 c6 4. Bg2 Bg4 5. Ne5 Bh5 6. c4 e6 7. cxd5 Bb4+ 8. Bd2 Bxd2+ 9. Qxd2 exd5 10. Nc3 0-0 11. 0-0 Nbd7 12. f4 Nxe5 13. fxe5 Nd7 14. e4 dxe4 15. Nxe4 Qb6 16. Kh1 c5 17. d5 Bg6 18. e6 fxe6 19. dxe6 Qxe6 20. Nxc5 Nxc5 21. Rfe1 Qb6 22. Rac1 Nd3 23. Bd5+ Kh8 24. Re7 Nxc1 25. Qc3 Rf1+ 26. Kg2 Qf2+ 27. Kh3 Bf5+ 28. g4 Bxg4+ 29. Kxg4 Qf5+ 30. Kg3 Qg5+ 31. Kh3 Qxe7 0-1

[Event "Sunny Beach op 10th"]
[Site "Sunny Beach"]
[Date "2011.08.29"]
[Round "3"]
[White "Karadimov, Marin"]
[Black "Golcman, Evgeny"]
[Result "1/2-1/2"]
[WhiteElo "2062"]
[BlackElo "2291"]
[PlyCount "121"]
[EventDate "2011.08.27"]
[EventType "swiss"]
[EventRounds "9"]
[EventCountry "BUL"]
[SourceTitle "CBM 144 Extra"]
[Source "ChessBase"]
[SourceDate "2011.10.28"]
[SourceVersion "1"]
[SourceVersionDate "2011.10.28"]
[SourceQuality "1"]

1. d4 g6 2. e4 Bg7 3. Nc3 d6 4. Nge2 Nd7 5. g3 e5 6. Bg2 Ngf6 7. 0-0 0-0 8. h3 c6 9. Be3 Re8 10. g4 Nf8 11. Qd2 Qc7 12. f4 b5 13. dxe5 dxe5 14. f5 Rd8 15. Qe1 N8d7 16. Ng3 b4 17. Nd1 Ba6 18. Rf3 c5 19. Nf2 Bb7 20. g5 Ne8 21. Ng4 Nd6 22. Rf2 a5 23. Rd1 c4 24. Rfd2 Ra6 25. fxg6 hxg6 26. Qf2 c3 27. bxc3 Nc4 28. Rd3 Nb2 29. Rf1 Rf8 30. Rxd7 Qxd7 31. Nf6+ Bxf6 32. gxf6 Nd1 33. Qe1 Rd8 34. Nf5 Rxf6 35. Bg5 Rxf5 36. Rxf5 Rc8 37. Rxe5 Nxc3 38. Re7 Qc6 39. Qh4 Ba6 40. Bf6 Qc5+ 41. Kh2 Qh5 42. Qxh5 gxh5 43. Ra7 Rc6 44. e5 Rb6 45. Bf3 Be2 46. Bxe2 Nxe2 47. Rxa5 Rc6 48. Ra8+ Kh7 49. Be7 Rxc2 50. Bxb4 h4 51. Be7 Nf4+ 52. Kg1 Nxh3+ 53. Kf1 Rf2+ 54. Ke1 Rf4 55. Bf6 Kg6 56. Ke2 Kf5 57. Ke3 Rg4 58. a4 Nf4 59. Ra7 Nd5+ 60. Kf3 Nxf6 61. exf6 1/2-1/2

[Event "Blagoevgrad Kirov Memorial 2nd"]
[Site "Blagoevgrad"]
[Date "2010.01.12"]
[Round "3"]
[White "Gochev, Mladen"]
[Black "Karadimov, Marin"]
[Result "1/2-1/2"]
[WhiteElo "2248"]
[BlackElo "2081"]
[PlyCount "66"]
[EventDate "2010.01.11"]
[EventType "swiss"]
[EventRounds "9"]
[EventCountry "BUL"]
[SourceTitle "CBM 134 Extra"]
[Source "ChessBase"]
[SourceDate "2010.03.03"]
[SourceVersion "1"]
[SourceVersionDate "2010.03.03"]
[SourceQuality "1"]

1. e4 e5 2. d4 exd4 3. Nf3 Nc6 4. Bc4 Nf6 5. e5 d5 6. Bb5 Ne4 7. Nxd4 Bd7 8. Bxc6 bxc6 9. Be3 Bc5 10. Nd2 Nxd2 11. Qxd2 Qe7 12. Nb3 Bb6 13. Qc3 0-0 14. 0-0 Rfe8 15. Nc5 Bxc5 16. Bxc5 Qxe5 17. Qxe5 Rxe5 18. Rfe1 Rae8 19. Rxe5 Rxe5 20. Bxa7 Re2 21. Rc1 Bf5 22. Kf1 Rxc2 23. Rxc2 Bxc2 24. Ke2 Kf8 25. Kd2 Bb1 26. a4 Ke8 27. Kc3 Bf5 28. Bd4 f6 29. Kb4 Bd3 30. Kc5 Kd7 31. a5 Bb5 32. b4 Be2 33. f4 h5 1/2-1/2

[Event "Kesarovski Georgiev Memorial 8th"]
[Site "Sunny Beach"]
[Date "2009.09.11"]
[Round "6"]
[White "Chervenkov, Dinko"]
[Black "Karadimov, Marin"]
[Result "0-1"]
[WhiteElo "1861"]
[BlackElo "2093"]
[PlyCount "81"]
[EventDate "2009.09.07"]
[EventType "swiss"]
[EventRounds "9"]
[EventCountry "BUL"]
[SourceTitle "CBM 132 Extra"]
[Source "ChessBase"]
[SourceDate "2009.11.03"]
[SourceVersion "1"]
[SourceVersionDate "2009.11.03"]
[SourceQuality "1"]

1. f4 Nf6 2. d4 g6 3. g3 Bg7 4. Bg2 c5 5. e3 0-0 6. c3 Qc7 7. Nd2 d6 8. Ne4 Nxe4 9. Bxe4 Nd7 10. h4 Nf6 11. Bf3 h5 12. Nh3 Bg4 13. Ng5 cxd4 14. exd4 e5 15. 0-0 exd4 16. cxd4 Qb6 17. Qb3 Qxb3 18. axb3 Bxf3 19. Nxf3 Ne4 20. Kg2 Rfc8 21. Ne1 Rc6 22. Kf3 Re8 23. Ng2 Rb6 24. Ra3 Bxd4 25. Re1 f5 26. Ne3 Bc5 27. Nd5 Bxa3 28. Nxb6 Bb4 29. Rd1 axb6 30. Rd5 Rc8 31. Be3 Bc5 32. b4 Bxe3 33. Kxe3 Kf7 34. Rb5 Rc6 35. Kf3 Ke6 36. g4 hxg4+ 37. Ke3 d5 38. Kd4 Nd6 39. Rc5 bxc5+ 40. bxc5 Rxc5 41. Kxc5 0-1

[Event "Kesarovski Georgiev Memorial 8th"]
[Site "Sunny Beach"]
[Date "2009.09.11"]
[Round "7"]
[White "Karadimov, Marin"]
[Black "Ivanov, Daniel"]
[Result "1-0"]
[WhiteElo "2093"]
[BlackElo "1800"]
[PlyCount "51"]
[EventDate "2009.09.07"]
[EventType "swiss"]
[EventRounds "9"]
[EventCountry "BUL"]
[SourceTitle "CBM 132 Extra"]
[Source "ChessBase"]
[SourceDate "2009.11.03"]
[SourceVersion "1"]
[SourceVersionDate "2009.11.03"]
[SourceQuality "1"]

1. d4 e6 2. Nf3 d5 3. e3 Nf6 4. Bd3 g6 5. b3 Bg7 6. Bb2 Nbd7 7. Nbd2 0-0 8. 0-0 e5 9. Nxe5 Nxe5 10. dxe5 Ng4 11. Nf3 Re8 12. e4 Nxe5 13. Nxe5 Bxe5 14. Bxe5 Rxe5 15. f4 Re8 16. e5 b6 17. Qf3 Bb7 18. Qg3 Qe7 19. Rae1 c5 20. f5 c4 21. fxg6 hxg6 22. Bxg6 fxg6 23. Rf6 Qc5+ 24. Kh1 Re7 25. Rxg6+ Kf8 26. Rg8+ 1-0

[Event "Kesarovski Georgiev Memorial 8th"]
[Site "Sunny Beach"]
[Date "2009.09.10"]
[Round "5"]
[White "Kolev, Atanas Tonchev"]
[Black "Karadimov, Marin"]
[Result "1-0"]
[WhiteElo "2015"]
[BlackElo "2093"]
[PlyCount "80"]
[EventDate "2009.09.07"]
[EventType "swiss"]
[EventRounds "9"]
[EventCountry "BUL"]
[SourceTitle "CBM 132 Extra"]
[Source "ChessBase"]
[SourceDate "2009.11.03"]
[SourceVersion "1"]
[SourceVersionDate "2009.11.03"]
[SourceQuality "1"]

1. d4 Nf6 2. c4 c5 3. d5 b5 4. Nf3 e6 5. dxe6 fxe6 6. e4 Nxe4 7. Bd3 Bb7 8. Qe2 Nf6 9. cxb5 Be7 10. Nc3 a6 11. Bf4 0-0 12. Bxb8 Rxb8 13. bxa6 Ba8 14. a4 Nh5 15. 0-0-0 Nf4 16. Qc2 Nxd3+ 17. Qxd3 Qb6 18. Qb5 Qc7 19. Qxd7 Qf4+ 20. Rd2 Bf6 21. Qxe6+ Kh8 22. Qe3 Qc4 23. Ne5 Qxa6 24. f4 Rfe8 25. Re1 h6 26. Qg3 Bxe5 27. fxe5 Bc6 28. Qg6 Qa8 29. Rd6 Bxa4 30. Ra6 Qb7 31. Nxa4 Qb4 32. Qe4 c4 33. Re2 Rf8 34. Re1 Qb5 35. Ra7 c3 36. b4 Rf2 37. Ra8 Rff8 38. Rxb8 Rxb8 39. Nxc3 Rc8 40. Kb2 Rc4 1-0

[Event "Kesarovski Georgiev Memorial 8th"]
[Site "Sunny Beach"]
[Date "2009.09.08"]
[Round "2"]
[White "Karadimov, Marin"]
[Black "Raeva, Elitsa"]
[Result "0-1"]
[WhiteElo "2093"]
[BlackElo "2248"]
[PlyCount "78"]
[EventDate "2009.09.07"]
[EventType "swiss"]
[EventRounds "9"]
[EventCountry "BUL"]
[SourceTitle "CBM 132 Extra"]
[Source "ChessBase"]
[SourceDate "2009.11.03"]
[SourceVersion "1"]
[SourceVersionDate "2009.11.03"]
[SourceQuality "1"]

1. e4 c5 2. Ne2 Nc6 3. c4 Nd4 4. b4 e5 5. Nxd4 cxd4 6. a3 Nf6 7. d3 h6 8. Be2 a5 9. b5 Be7 10. 0-0 0-0 11. f4 d6 12. f5 Nd7 13. Rf3 Bg5 14. Rg3 Bxc1 15. Qxc1 Qf6 16. Nd2 a4 17. Nf1 Nc5 18. Bd1 Bd7 19. Qd2 Rfc8 20. Bc2 d5 21. cxd5 Bxb5 22. Rg4 h5 23. Rg3 Rc7 24. Rb1 Bd7 25. Rb2 Rac8 26. Qd1 b5 27. Qxh5 Nxe4 28. Rh3 Kf8 29. dxe4 Rxc2 30. Rxc2 Rxc2 31. Qd1 Rc7 32. Rh8+ Ke7 33. Qd2 Rc3 34. Ng3 b4 35. Nh5 Qh4 36. axb4 Qxe4 37. Qg5+ Kd6 38. h3 Qe3+ 39. Qxe3 dxe3 0-1

[Event "BUL-ch Seniors"]
[Site "Sofia"]
[Date "2009.05.11"]
[Round "2"]
[White "Karadimov, Marin"]
[Black "Orev, Petar"]
[Result "0-1"]
[WhiteElo "2102"]
[BlackElo "2222"]
[PlyCount "76"]
[EventDate "2009.05.10"]
[EventType "swiss"]
[EventRounds "9"]
[EventCountry "BUL"]
[SourceTitle "CBM 130 Extra"]
[Source "ChessBase"]
[SourceDate "2009.07.02"]
[SourceVersion "2"]
[SourceVersionDate "2009.07.15"]
[SourceQuality "1"]

1. d4 Nf6 2. Nf3 g6 3. d5 Bg7 4. Nc3 0-0 5. e4 d6 6. h3 Nbd7 7. Be3 e6 8. Be2 Re8 9. 0-0 exd5 10. exd5 Nc5 11. Nd4 Nfe4 12. Nxe4 Nxe4 13. Re1 Bd7 14. Bg4 f5 15. Bf3 Qf6 16. c3 a5 17. Bxe4 Rxe4 18. f3 Re7 19. Qb3 Rae8 20. Bf2 b6 21. Qc4 Rxe1+ 22. Rxe1 Rxe1+ 23. Bxe1 Qd8 24. Bf2 h5 25. Qe2 Kh7 26. f4 Bf6 27. Qc4 Qb8 28. Nf3 b5 29. Qd3 Qe8 30. Nd2 Qe7 31. Bd4 Qe1+ 32. Kh2 Bh4 33. Nf1 c5 34. Bg1 b4 35. c4 a4 36. b3 axb3 37. axb3 Qa1 38. Qc2 Qxf1 0-1

[Event "Sofia Kirov Memorial"]
[Site "Sofia"]
[Date "2009.01.10"]
[Round "9"]
[White "Velchev, Hristo"]
[Black "Karadimov, Marin"]
[Result "1-0"]
[WhiteElo "2285"]
[BlackElo "2113"]
[PlyCount "101"]
[EventDate "2009.01.03"]
[EventType "swiss"]
[EventRounds "9"]
[EventCountry "BUL"]
[SourceTitle "EXT 2010"]
[Source "ChessBase"]
[SourceDate "2010.11.25"]
[SourceVersion "1"]
[SourceVersionDate "2010.11.25"]
[SourceQuality "1"]

1. e4 c5 2. c3 e6 3. d4 d5 4. exd5 exd5 5. Nf3 Bd6 6. dxc5 Bxc5 7. Nbd2 Ne7 8. Nb3 Bd6 9. Bd3 Nbc6 10. Nbd4 Bg4 11. Be3 Ne5 12. Bb5+ Bd7 13. Nxe5 Bxe5 14. Bd3 Nc6 15. 0-0 Qh4 16. Nf3 Qh5 17. Nxe5 Qxd1 18. Raxd1 Nxe5 19. Bc2 Be6 20. Bd4 f6 21. Rfe1 Kf7 22. Bxe5 fxe5 23. Rxe5 Kf6 24. Rde1 Rae8 25. Bb3 Bf7 26. Rxe8 Bxe8 27. Bxd5 Bd7 28. f3 Rc8 29. Kf2 Rc5 30. Rd1 Bf5 31. Ke3 Rc7 32. Be4 Re7 33. Rd6+ Kf7 34. Kd4 Bxe4 35. fxe4 Rc7 36. c4 Ke7 37. Rd5 Rc8 38. Re5+ Kf6 39. Rb5 Rc7 40. a4 Ke6 41. Re5+ Kf6 42. Rc5 Rd7+ 43. Rd5 Rc7 44. b4 g6 45. c5 Ke7 46. a5 a6 47. Rd6 Rc8 48. Rb6 Rc7 49. c6 bxc6 50. Rxa6 Rb7 51. Rb6 1-0

[Event "Sofia Kirov Memorial"]
[Site "Sofia"]
[Date "2009.01.04"]
[Round "2"]
[White "Karadimov, Marin"]
[Black "Dobrev, Nanko"]
[Result "0-1"]
[WhiteElo "2113"]
[BlackElo "2409"]
[PlyCount "78"]
[EventDate "2009.01.03"]
[EventType "swiss"]
[EventRounds "9"]
[EventCountry "BUL"]
[SourceTitle "EXT 2010"]
[Source "ChessBase"]
[SourceDate "2010.11.25"]
[SourceVersion "1"]
[SourceVersionDate "2010.11.25"]
[SourceQuality "1"]

1. d4 d5 2. Nf3 Nf6 3. e3 Bg4 4. Be2 e6 5. Ne5 Bxe2 6. Qxe2 c6 7. Nd2 Nbd7 8. Ndf3 Bd6 9. 0-0 Bxe5 10. Nxe5 Nxe5 11. dxe5 Nd7 12. f4 Nc5 13. b3 Ne4 14. a4 0-0 15. Ba3 Re8 16. Qd3 Qh4 17. c4 Qg4 18. Rac1 h5 19. b4 h4 20. b5 h3 21. Rc2 hxg2 22. Rfc1 Qf3 23. Qe2 Qh3 24. cxd5 cxd5 25. Bb2 g6 26. Bd4 Kg7 27. Qxg2 Qf5 28. Qf3 Rh8 29. Rg2 Rac8 30. Qd1 b6 31. Rc6 Rxc6 32. bxc6 Rc8 33. Qc2 Qh5 34. h3 Qxh3 35. c7 Qh4 36. Rh2 Qe1+ 37. Kg2 Rxc7 38. Rh7+ Kxh7 39. Qxc7 Qf2+ 0-1

[Event "Sunny Beach op"]
[Site "Sunny Beach"]
[Date "2008.11.29"]
[Round "6"]
[White "Atanasov, Viktor"]
[Black "Karadimov, Marin"]
[Result "0-1"]
[WhiteElo "1827"]
[BlackElo "2113"]
[PlyCount "71"]
[EventDate "2008.11.28"]
[EventType "swiss"]
[EventRounds "7"]
[EventCountry "BUL"]
[SourceTitle "EXT 2010"]
[Source "ChessBase"]
[SourceDate "2010.11.25"]
[SourceVersion "1"]
[SourceVersionDate "2010.11.25"]
[SourceQuality "1"]

1. e4 a6 2. Nf3 c5 3. Nc3 e6 4. d4 cxd4 5. Nxd4 Qc7 6. Be3 Bb4 7. Bd2 Nf6 8. Bd3 Nc6 9. Nxc6 dxc6 10. 0-0 e5 11. a3 Be7 12. h3 0-0 13. Qf3 Be6 14. Rad1 b5 15. Ne2 c5 16. Ng3 c4 17. Be2 Qc6 18. Bg5 Qc7 19. Nf5 Bxf5 20. Qxf5 Rad8 21. Bh4 g6 22. Qf3 Nh5 23. Bxe7 Qxe7 24. g3 Ng7 25. Qe3 Ne6 26. c3 Nc5 27. Rd5 Rxd5 28. exd5 Qd6 29. Rd1 Rd8 30. Kh2 f5 31. f4 e4 32. Rd4 Nb3 33. Rd1 Qc5 34. Qxc5 Nxc5 35. Rd4 Kf7 36. Kg2 0-1

[Event "Sunny Beach op"]
[Site "Sunny Beach"]
[Date "2008.11.29"]
[Round "4"]
[White "Kirchev, Krasimir"]
[Black "Karadimov, Marin"]
[Result "1-0"]
[WhiteElo "2115"]
[BlackElo "2113"]
[PlyCount "100"]
[EventDate "2008.11.28"]
[EventType "swiss"]
[EventRounds "7"]
[EventCountry "BUL"]
[SourceTitle "EXT 2010"]
[Source "ChessBase"]
[SourceDate "2010.11.25"]
[SourceVersion "1"]
[SourceVersionDate "2010.11.25"]
[SourceQuality "1"]

1. d4 Nf6 2. Nf3 g6 3. c4 Bg7 4. Nc3 d5 5. g3 0-0 6. Bg2 c5 7. 0-0 cxd4 8. Qxd4 Nc6 9. Qh4 dxc4 10. Bh6 Bxh6 11. Qxh6 Ng4 12. Qf4 Qa5 13. Qxc4 Be6 14. Qf4 Rad8 15. Rad1 Qh5 16. h3 Nf6 17. Ng5 Bc8 18. g4 Qh6 19. Qc1 Ne5 20. Nge4 Qg7 21. Qg5 Nxe4 22. Bxe4 f6 23. Qh4 Kh8 24. Bg2 e6 25. Qg3 Qe7 26. Ne4 Nc6 27. Nd6 Rd7 28. Rd2 e5 29. Nxc8 Rxc8 30. Rfd1 Nd4 31. Kh2 Rcd8 32. Qe3 b6 33. f4 Qb4 34. a3 Qa5 35. b4 Qb5 36. fxe5 fxe5 37. a4 Qxb4 38. Qxe5+ Kg8 39. Kh1 Qc5 40. Qxc5 bxc5 41. e3 a5 42. exd4 cxd4 43. Bc6 Rd6 44. Bb5 Kg7 45. Kg2 Kf6 46. Kf3 Ke5 47. h4 Rf8+ 48. Kg3 Ke4 49. Bc4 Rf3+ 50. Kg2 Re3 1-0

[Event "Kesarovski Georgiev Memorial 3rd"]
[Site "Sunny Beach"]
[Date "2004.09.19"]
[Round "2"]
[White "Velcheva, Maria"]
[Black "Karadimov, Marin"]
[Result "0-1"]
[WhiteElo "2299"]
[BlackElo "2130"]
[PlyCount "76"]
[EventDate "2004.09.18"]
[EventType "swiss"]
[EventRounds "9"]
[EventCountry "BUL"]
[SourceTitle "CBM 102 Extra"]
[Source "ChessBase"]
[SourceDate "2004.11.03"]
[SourceVersion "1"]
[SourceVersionDate "2004.11.03"]
[SourceQuality "1"]

1. e4 a6 2. d4 b5 3. Bd3 e6 4. a4 Bb7 5. Qe2 Nc6 6. Nf3 Nb4 7. c3 Nxd3+ 8. Qxd3 Nf6 9. e5 Ne4 10. axb5 axb5 11. Rxa8 Qxa8 12. Qxb5 Be7 13. 0-0 0-0 14. Qxd7 Re8 15. Qxc7 Bd5 16. Ng5 Nxg5 17. f3 Kf8 18. b4 Rc8 19. Qa5 Qxa5 20. bxa5 f6 21. exf6 gxf6 22. Be3 Nf7 23. Rc1 Nd6 24. Nd2 Nc4 25. Nxc4 Bxc4 26. Ra1 Ra8 27. Bf4 Ke8 28. Bc7 Kd7 29. Bb6 Kc6 30. Kf2 Bd6 31. g3 Kd5 32. Ke3 Ba6 33. Kd2 h5 34. Re1 f5 35. f4 Rc8 36. Bc5 Bxc5 37. Re5+ Kd6 38. dxc5+ Rxc5 0-1